Logo quiz voitures - Statistiques

Statistiques générales
  • Ce quiz a été pris 339 fois
  • Le résultat moyen est 18 sur 20
Statistiques - réponses
Par images Réponse % Correct
Audi
99%
Mercedes
99%
Renault
99%
Tesla
98%
Toyota
98%
jaguar
97%
Opel
97%
Chevrolet
96%
Volkswagen
94%
Skoda
93%
Seat
92%
Lexus
90%
hyundai
87%
Mitsubishi
87%
Mazda
85%
Smart
79%
Subaru
78%
Maserati
77%
Cadillac
71%
Pontiac
44%
Aucun quiz correspondant
Distribution des résultats
% des personnes avec chaque résultat
Percentile par nombre de réponses
Votre historique - résultats
Vous n’avez pas pris ce quiz